| 000 | 00661nam a2200181 i 4500 | ||
|---|---|---|---|
| 001 | 68610 | ||
| 003 | ES-MaACL | ||
| 005 | 20250805064133.0 | ||
| 007 | t| | ||
| 008 | 040702s2002 sp ||||1| spa d | ||
| 100 | 1 |
_aGautier, Théophile, _d1811-1872 _9170960 |
|
| 245 | 1 | 0 |
_aPoésies nouvelles / _cThéophile Gautier. |
| 260 |
_aParis : _bCharpentier, _c1863. |
||
| 300 |
_a2 h., 283 p. ; _c18 cm. |
||
| 505 | 8 | _aContiene: Emaux et Camées -- Pierrot Posthme -- Le tricorne enchanté -- Prologue de Falstaff -- Prologue de reouverture de l'Odeon -- Pierre Corneille -- La famme de Dioméde | |
| 852 |
_aES-MaACL _jG-14471 |
||
| 999 |
_c68610 _d68610 |
||